000 00606nam a2200217Ia 4500
005 20250508164525.0
008 008 250505s9999 xx 000 0 hin d
037 _aTextual
040 _aFEDL
_beng
_cFEDL
041 _ahin
_2hin
084 _a491.4307, GUP
_qFEDL
100 _aGupt Manorama
_9773520
245 0 _aBhasha shikshan siddhant aur pravidhi
260 _aAgra, India
_bKendriya Hindi Sansthan
_c1991
300 _a413p.
365 _aINR
_b495
546 _aMACESE
650 _aHindi language teaching
942 _cTEXL
_h491.4307, GUP
999 _c1389579
_d1389579